Život v jeho stínu /

Román pro ženy vypráví o dvou letech života Hany, která ze dne na den přijde o všechny jistoty.

Hlavní autor: Pavelková, Kristína, 1985-
Další autoři: Kořínková, Marcela, 1955-
Jazyk: Čeština
Vydáno: Praha : Naše vojsko, 2019
Témata:
Fyzický popis: 204 stran ; 21 cm
Knihy
Uloženo v:
LEADER 02162nam a2200421 i 4500
001 nkc20193163360
003 CZ PrNK
005 20200214100119.0
007 ta
008 191203s2019 xr g 000 f cze
015 |a cnb003163360 
020 |a 978-80-206-1828-3  |q (vázáno) 
035 |a (OCoLC)1143843207 
040 |a ABG001  |b cze  |e rda 
041 1 |a cze  |h slo 
072 7 |a 821.162.4  |x Slovenská literatura  |2 Konspekt  |9 25 
080 |a 821.162.4-31  |2 MRF 
080 |a (0:82-31)-055.2  |2 MRF 
100 1 |a Pavelková, Kristína,  |d 1985-  |7 mzk20191032106  |4 aut 
240 1 0 |a Život v jeho tieni.  |l Česky 
245 1 0 |a Život v jeho stínu /  |c Kristína Pavelková ; ze slovenského originálu Život v jeho tieni, přeložila Marcela Kořínková 
264 1 |a Praha :  |b Naše vojsko,  |c 2019 
300 |a 204 stran ;  |c 21 cm 
336 |a text  |b txt  |2 rdacontent 
337 |a bez média  |b n  |2 rdamedia 
338 |a svazek  |b nc  |2 rdacarrier 
520 2 |a Román pro ženy vypráví o dvou letech života Hany, která ze dne na den přijde o všechny jistoty.  |b Na začátku má Hana milujícího manžela, společenský status i peníze. Má všechno - alespoň si to myslí. Ale navzdory bohatství neztratí vlastní tvář a založí nadaci na pomoc nemocným dětem. Po několika přesně mířených životních ranách však ztratí všechno. Musí padnout až na samé dno, aby se znovu dokázala postavit. Když se jakžtakž sebere, přicházejí další trpká odhalení. Podaří se Haně vzepřít se nepřejícímu osudu a začít znovu? Zvládne bojovat ve světě, ve kterém vládnou peníze? Má vůbec naději být ještě někdy šťastná? Nakladatelská anotace. 
655 7 |a slovenské romány  |7 fd133450  |2 czenas 
655 7 |a romány pro ženy  |7 fd187897  |2 czenas 
655 9 |a Slovak fiction  |2 eczenas 
655 9 |a women's novels  |2 eczenas 
700 1 |a Kořínková, Marcela,  |d 1955-  |7 xx0076425  |4 trl 
910 2 |a BOA001  |b 2-1441.824 
920 |a 4511065  |z ABG001 
990 |a BK 
995 |a 01 
991 |b 202001  |c NOV 
996 6 |b 2610812373  |c 2-1441.824  |l MZK  |r Sklad / do 1 hodiny  |n 1  |p p.v.  |w 001777265  |u 000010  |a 1  |e BOA001  |j MZK50  |s P